[Event "SVK-ch U14"]
[Site "Tatralandia"]
[Date "2024.04.12"]
[Round "9"]
[White "Andrascik, Jan"]
[Black "Nevicky, Nikola"]
[Result "0-1"]
[WhiteElo "1518"]
[BlackElo "1981"]
[PlyCount "116"]
[EventDate "2024.04.05"]
[EventType "swiss"]
[EventRounds "9"]
[EventCountry "SVK"]
[SourceTitle "CB16_2024"]
[SourceDate "2024.04.17"]
[SourceVersion "1"]
[SourceVersionDate "2024.04.17"]
[SourceQuality "1"]

1. d4 Nf6 2. c4 g6 3. Nc3 d5 4. Bf4 Bg7 5. Nf3 dxc4 6. e4 Bg4 7. Be2 a6 8. h3 Bxf3 9. Bxf3 Nc6 10. d5 Nb4 11. Qa4+ b5 12. Qxb4 0-0 13. 0-0 Re8 14. a4 c6 15. dxc6 e5 16. Bg3 Bf8 17. Qxf8+ Kxf8 18. axb5 axb5 19. Bh4 Qd6 20. Bxf6 Qxf6 21. Rxa8 Rxa8 22. c7 Qc6 23. Nd5 Rc8 24. Bg4 Rxc7 25. Nxc7 Qxc7 26. Rd1 h5 27. Bd7 b4 28. Ba4 Qa5 29. b3 c3 30. Rc1 Qd8 31. Kh2 Qd2 32. Rf1 c2 33. f4 c1Q 34. Rxc1 Qxf4+ 35. g3 Qxc1 36. h4 Ke7 37. Kg2 Qe3 38. Bb5 Qxe4+ 39. Kh2 Qc2+ 40. Kh3 Qf2 41. Bd3 Qg1 42. Be4 f5 43. Bg2 e4 44. g4 hxg4+ 45. Kg3 Qxg2+ 46. Kxg2 e3 47. Kf1 f4 48. h5 gxh5 49. Ke1 h4 50. Kf1 h3 51. Kg1 e2 52. Kh2 g3+ 53. Kxh3 e1Q 54. Kg4 Qe3 55. Kh4 f3 56. Kh3 g2 57. Kh4 g1Q 58. Kh5 Qeg5# 0-1

[Event "SVK-ch U14"]
[Site "Tatralandia"]
[Date "2024.04.11"]
[Round "8"]
[White "Nevicky, Nikola"]
[Black "Holecko, Samuel"]
[Result "1/2-1/2"]
[WhiteElo "1981"]
[BlackElo "1545"]
[PlyCount "98"]
[EventDate "2024.04.05"]
[EventType "swiss"]
[EventRounds "9"]
[EventCountry "SVK"]
[SourceTitle "CB16_2024"]
[SourceDate "2024.04.17"]
[SourceVersion "1"]
[SourceVersionDate "2024.04.17"]
[SourceQuality "1"]

1. c4 e5 2. Nc3 Nc6 3. Nf3 d6 4. g3 Be6 5. b3 g6 6. d4 exd4 7. Bg5 f6 8. Nxd4 fxg5 9. Nxe6 Qd7 10. Nd5 Rc8 11. Nxf8 Kxf8 12. h4 g4 13. Qd2 Ne5 14. h5 Qf5 15. hxg6 Nf3+ 16. exf3 Qe5+ 17. Be2 Qxa1+ 18. Bd1 Qe5+ 19. Kf1 gxf3 20. gxh7 Nf6 21. Qh6+ Kf7 22. Bxf3 c6 23. Nf4 Qf5 24. Bh5+ Nxh5 25. Rxh5 Qf6 26. g4 Qxh6 27. Rxh6 Kg7 28. g5 Rxh7 29. Nh5+ Kh8 30. Rxh7+ Kxh7 31. Ng3 Kg6 32. f4 Rf8 33. Ne2 Rf5 34. Kf2 Ra5 35. Kf3 Rxa2 36. Ng3 Ra5 37. Kg4 Ra1 38. f5+ Kg7 39. Kh5 Rg1 40. f6+ Kf7 41. Nf5 Rh1+ 42. Kg4 Rg1+ 43. Ng3 Rxg3+ 44. Kxg3 a5 45. Kf3 b5 46. cxb5 cxb5 47. Ke3 d5 48. Kd4 b4 49. Kd3 Kg6 1/2-1/2